000 00471nam a22001577a 4500
020 _qHard Cover.
082 _a004
100 _aAhmad, Shabir
245 _aSCALABLE DEVICE MOBILITY /
_cShabir Ahmad
260 _aIslamabad :
_bCEME - NUST,
_c2013.
300 _a73 p. : ill. ;
_c30cm.
650 _aComputer Software Engineering-MS-Thesis
_916105
700 _aDr. Shoab Ahmed Khan
_916053
942 _2ddc
_cTHE
999 _c540401
_d540401